00366nam a2200145Ia 4500008004100000020001500041041001200056082001600068100002300084245006100107260002500168300000800193650000800201700001100209221030s9999 xx 000 0 und d a8185749337 aEnglish a105.23bBha aS. K. Bhattacharya 0aPrinciples of Electronicscby S. K. Bhattacharya, R. Vig bPHIaNew Delhic1998 a509 aECE aR. Vig